Loading...
Autobiography of a spiritually incorrect mystic /
| Main Author: | |
|---|---|
| Format: | Printed Book |
| Language: | English |
| Published: |
New York :
St. Martin's Press,
2000.
|
| Subjects: | |
| Online Access: | Contributor biographical information Publisher description |
| LEADER | 00982cam a22002414a 4500 | ||
|---|---|---|---|
| 001 | 11919469 | ||
| 003 | Ost | ||
| 005 | 20190128183722.0 | ||
| 008 | 000223s2000 nyua b 001 0aeng | ||
| 999 | |c 11384 |d 11384 | ||
| 020 | |a 9780312280710 | ||
| 082 | |a 181 |b OSH/AUT | ||
| 100 | 0 | |a Osho, |d 1931-1990. | |
| 245 | 1 | 0 | |a Autobiography of a spiritually incorrect mystic / |c by Osho. |
| 260 | |a New York : |b St. Martin's Press, |c 2000. | ||
| 300 | |a xvii, 302 p. |b |c | ||
| 504 | |a Includes bibliographical references (p. 285-292) and index. | ||
| 600 | 0 | 0 | |a Osho, |d 1931-1990. |
| 650 | 0 | |a Gurus |v Biography. | |
| 856 | 4 | 2 | |3 Contributor biographical information |u http://www.loc.gov/catdir/enhancements/fy0667/00026692-b.html |
| 856 | 4 | 2 | |3 Publisher description |u http://www.loc.gov/catdir/enhancements/fy0667/00026692-d.html |
| 942 | |2 ddc |c BK | ||
| 952 | |0 0 |1 0 |2 ddc |4 0 |6 181_000000000000000_OSH_AUT |7 0 |8 NFIC |9 22002 |a NUALS |b NUALS |d 2018-06-30 |l 3 |o 181 OSH/AUT |p 14579 |r 2019-08-16 |s 2019-08-03 |w 2018-06-30 |y BK | ||